[Event "Eastern Asia-ch U12"]
[Site "Tornelo INT"]
[Date "2021.10.31"]
[Round "8"]
[White "Khosronejad, Abtin"]
[Black "Tee, Geng Kai"]
[Result "1/2-1/2"]
[WhiteElo "1626"]
[BlackElo "1097"]
[PlyCount "119"]
[EventDate "2021.10.29"]
[EventType "swiss"]
[EventRounds "9"]
[EventCountry "NET"]
[SourceTitle "EXT 2023"]
[Source "ChessBase"]
[SourceDate "2022.10.05"]
[SourceVersion "1"]
[SourceVersionDate "2022.10.05"]
[SourceQuality "1"]

1. Nf3 d5 2. c4 Nf6 3. cxd5 Nxd5 4. e4 Nb6 5. d4 g6 6. Nc3 Bg7 7. Bd3 Nc6 8. Be3 0-0 9. d5 Ne5 10. Nxe5 Bxe5 11. f4 Bg7 12. 0-0 Qd7 13. f5 e6 14. f6 Bh8 15. Bc5 Re8 16. Rc1 exd5 17. Bxb6 dxe4 18. Bxe4 axb6 19. Qf3 c6 20. Rfe1 Qg4 21. Bxc6 Rxe1+ 22. Rxe1 Qd4+ 23. Kh1 Qxf6 24. Re8+ Kg7 25. Qxf6+ Kxf6 26. Bd7 Bxd7 27. Rxa8 Bg7 28. Nd5+ Ke5 29. Nxb6 Bc6 30. Ra5+ Kf4 31. b3 Be5 32. Nc4 Bc3 33. Ra7 Bd4 34. Ra3 Bc5 35. b4 Bxb4 36. Rb3 Bc5 37. Na5 Bd5 38. Rh3 h6 39. Nb3 Bb6 40. Rh4+ Ke3 41. Rb4 Ba7 42. Nc1 Kd2 43. Nb3+ Ke1 44. Nd4 Kf2 45. Nf3 g5 46. h3 f5 47. Rb2+ Kg3 48. Rd2 Be4 49. Nh2 h5 50. Nf1+ Kf4 51. Kh2 Bb8 52. g3+ Kf3 53. a4 h4 54. Rg2 hxg3+ 55. Nxg3 Bc6 56. a5 f4 57. Nf5 Ke4 58. Rxg5 f3+ 59. Ng3+ Kf4 60. Rg4+ 1/2-1/2

[Event "IRI-ch U12"]
[Site "Chess.com INT"]
[Date "2021.01.16"]
[Round "5"]
[White "Khosronejad, Abtin"]
[Black "Salarian, Taha"]
[Result "1-0"]
[WhiteElo "1752"]
[BlackElo "1264"]
[PlyCount "83"]
[EventDate "2021.01.16"]
[EventType "swiss"]
[EventRounds "11"]
[EventCountry "IRI"]
[SourceTitle "EXT 2022"]
[Source "ChessBase"]
[SourceDate "2021.10.06"]
[SourceVersion "1"]
[SourceVersionDate "2021.10.06"]
[SourceQuality "1"]

1. Nf3 Nf6 2. g3 g6 3. b3 Bg7 4. Bb2 0-0 5. Bg2 d5 6. 0-0 b6 7. c4 e6 8. cxd5 exd5 9. d4 Bb7 10. Nc3 Re8 11. e3 Ne4 12. Nxe4 dxe4 13. Nd2 Qe7 14. Rc1 f5 15. Qc2 Nc6 16. a3 Rac8 17. Nc4 Ba6 18. Rfd1 Bxc4 19. Qxc4+ Qe6 20. Qxc6 Qxb3 21. Qc4+ Qxc4 22. Rxc4 Red8 23. Bf1 c5 24. Rdc1 Rd5 25. R4c2 Kh8 26. dxc5 Bxb2 27. Rxb2 Kg7 28. c6 Rc5 29. Rxc5 bxc5 30. Rb7+ Kh6 31. c7 a5 32. Ra7 Kg5 33. Ba6 c4 34. Bxc8 c3 35. Be6 c2 36. c8Q c1R+ 37. Qxc1 a4 38. h4+ Kh6 39. Qc7 Kh5 40. Qxh7+ Kg4 41. Qxg6+ Kf3 42. Qh5# 1-0